Sociology and American social issues

Bibliographic Details
Main Authors: Gordon, Leonard (Author), Harvey, Patricia Atchison (Author)
Format: Book
Published: Boston, Mass. : Houghton Mifflin , 1978
Subjects:

MARC

LEADER 00000cam a2200000 7i4500
001 0000022158
005 20021119093000.0
008 021119n
020 |a 0395253691 
090 0 0 |a HM51   |b .G6 
100 0 |a Gordon, Leonard ,   |e author 
245 0 0 |a Sociology and American social issues   |c Leonard Gordon with Patricia Atchison Harvey 
260 2 |a Boston, Mass. :   |b Houghton Mifflin ,   |c 1978 
300 |a 548 p. ; ;   |c 24 cm. 
504 |a Includes bibliographical references and index 
650 0 |a Sociology 
651 0 |a United States   |x Social conditions 
700 0 |a Harvey, Patricia Atchison ,   |e author 
999 |a 1000023198   |b Book   |c OPEN SHELF (30 DAYS)   |e Gong Badak Campus